000 00405pab a2200157 454500
008 180718b2012 xxu||||| |||| 00| 0 eng d
100 _aTripathy, K.K.
245 _aGovernment intervention in rural infrastructure: A review of Bharat Nirman Programme
260 _c2012
300 _ap.3-6.
362 _aOct
650 _aRural development
773 _aKurukshetra
908 _aN
909 _a97956
999 _c97955
_d97955